Yellow Images by Category Quiz Stats

 Plays Quiz Updated Feb 24, 2018

Challenge
Share
Tweet
Score 0/30 Timer 05:00
6 Plays Today
Category Answer % Correct
LogosMcDonald's
98.1%
Fictional CharactersSpongeBob SquarePants
96.7%
FoodsPineapple
96.3%
Macaroni and Cheese
93.3%
Bart Simpson
93.2%
Tweety
91.1%
Stuart Little
83.9%
Bert
82%
Pikachu
80.5%
Twinkies
80%
Austin Powers
78.2%
Kill Bill: Vol. 1
78.1%
National Geographic
77.5%
Snapchat
73.3%
Ferrari
72.8%
Category Answer % Correct
Curious George
67.1%
Starfruit
66.8%
One Fish, Two Fish, Red Fish, Blue Fish
63.5%
FlagsSpain
63.3%
Movie PostersLittle Miss Sunshine
62.2%
Mustard
58.7%
Sprint
53.6%
Book CoversThe Girl With the Dragon Tattoo
50.2%
The King's Speech
47.2%
Ukraine
34.5%
Vatican City
31.1%
Colombia
30.8%
Bhutan
30.4%
The Help
26%
The Green Mile
11.8%

You're not logged in!

Compare scores with friends on all Sporcle quizzes.
OR
Log In

You Might Also Like...

Show Comments

Extras

Top Quizzes Today


Score Distribution

Your Account Isn't Verified!

In order to create a playlist on Sporcle, you need to verify the email address you used during registration. Go to your Sporcle Settings to finish the process.

Report this User

Report this user for behavior that violates our Community Guidelines.

Details: